| 000 | 00424nam a22001457a 4500 | ||
|---|---|---|---|
| 003 | OSt | ||
| 005 | 20150930143805.0 | ||
| 008 | 150930b xxu||||| |||| 00| 0 eng d | ||
| 040 | _cRUA | ||
| 082 | _aAGR ហ៊ីង 1992 B001 Or.1 | ||
| 100 |
_91610 _aហ៊ីង, ធីតា |
||
| 245 | _aបច្ចេកទេសដាំដុះ និងផលិតពូជពោត | ||
| 300 |
_a79p. _c29cm. |
||
| 942 |
_2ddc _cAGR |
||
| 999 |
_c1518 _d1518 |
||